000 00863cam a2200253 a 4500
001 209
003 BR-CuiBMT
005 20231107222904.0
008 230830s2022 mgb 00| 0 por d
020 _a9786555183214
040 _aBR-CuiBMT
_cBR-CuiBMT
080 _22007
_a342
090 _a342
_bS451j
100 1 _aSeefelder Filho, Claudio Xavier
245 1 0 _aJurisdição constitucional e a eficácia temporal da coisa julgada nas relações jurídico-tributárias de trato continuado /
_cClaudio Xavier Seefelder Filho ; prefácio: Fabrício da Soller.
260 _aBelo Horizonte :
_bFórum,
_cc2022.
300 _a186 p. ;
_c22 cm
504 _aInclui bibliografia.
590 _aA biblioteca possui a 1. reimpr. 2022.
650 _aDireito constitucional
650 _aDireito processual civil
650 _aDireito tributário
942 _2udc
_cLV
999 _c209
_d209